000 00554nam a2200181Ia 4500
008 090123s9999 xx 000 0 und d
082 _b2278
100 _aआपटे गुरुजी
245 _aगांधींची गोष्ट
250 _a3
260 _bजनवाणी प्रेस
300 _a144
600 _aआपटे गुरुजी
630 _aगांधींची गोष्ट
700 _aआपटे गुरुजी
730 _aगांधींची गोष्ट
942 _cBOOK
999 _c40362
_d40362